La Casa de los Muñecos (Record no. 73)

MARC details
000 -CABECERA
campo de control de longitud fija 00888nam a2200217 a 4500
001 - NÚMERO DE CONTROL
campo de control BRCA_80
005 - FECHA Y HORA DE LA ÚLTIMA TRANSACCIÓN
campo de control 20190320202855.0
008 - DATOS DE LONGITUD FIJA--INFORMACIÓN GENERAL
campo de control de longitud fija 920829s1991 mx-a---##b---s000-0#spa-#
050 #4 - SIGNATURA TOPOGRÁFICA DE LA BIBLIOTECA DEL CONGRESO
Número de clasificación NA7246.P8
Número de documento/Ítem .J83 1991
100 1# - ENTRADA PRINCIPAL--NOMBRE DE PERSONA
Nombre de persona Juárez Burgos, Antonio
9 (RLIN) 326
245 10 - MENCIÓN DE TÍTULO
Título La Casa de los Muñecos
Mención de responsabilidad, etc. Antonio Juárez Burgos.
260 ## - PUBLICACIÓN, DISTRIBUCIÓN, ETC.
Lugar de publicación, distribución, etc. [Puebla]
Nombre del editor, distribuidor, etc. Gobierno del Estado de Puebla
Fecha de publicación, distribución, etc. 1991
300 ## - DESCRIPCIÓN FÍSICA
Extensión 122 p.
Otras características físicas il. (algunas a color)
Dimensiones 23 cm.
504 ## - NOTA DE BIBLIOGRAFÍA, ETC.
Nota de bibliografía, etc. Bibliografía : p. 121-122
650 14 - PUNTO DE ACCESO ADICIONAL DE MATERIA--TÉRMINO DE MATERIA
Término de materia o nombre geográfico como elemento de entrada Casa delos Muñecos
Subdivisión general Conservación y restauración
Subdivisión geográfica Puebla (México)
9 (RLIN) 327
650 14 - PUNTO DE ACCESO ADICIONAL DE MATERIA--TÉRMINO DE MATERIA
Término de materia o nombre geográfico como elemento de entrada Viviendas
Subdivisión general Conservación y restauración
Subdivisión geográfica Puebla (México)
9 (RLIN) 328
650 14 - PUNTO DE ACCESO ADICIONAL DE MATERIA--TÉRMINO DE MATERIA
Término de materia o nombre geográfico como elemento de entrada Fachadas
Subdivisión general Conservación y restauración
Subdivisión geográfica Puebla (México)
9 (RLIN) 329
650 14 - PUNTO DE ACCESO ADICIONAL DE MATERIA--TÉRMINO DE MATERIA
Término de materia o nombre geográfico como elemento de entrada Azulejos
Subdivisión general Conservación y restauración
Subdivisión geográfica Puebla (México)
9 (RLIN) 330
650 14 - PUNTO DE ACCESO ADICIONAL DE MATERIA--TÉRMINO DE MATERIA
Término de materia o nombre geográfico como elemento de entrada Puebla (México)
Subdivisión general Edificios, estructuras etc.
Subdivisión geográfica Siglo XVIII
9 (RLIN) 331
942 ## - ELEMENTOS DE PUNTO DE ACCESO ADICIONAL (KOHA)
Fuente del sistema de clasificación o colocación Library of Congress Classification
Tipo de ítem Koha Libros
Holdings
Estado de retiro Estado de pérdida Estado dañado No para préstamo Localización permanente Ubicación/localización actual Fecha de adquisición Total de préstamos Signatura topográfica completa Código de barras Fecha visto por última vez Precio válido a partir de Tipo de ítem Koha
El ejemplar forma parte de la colección y puede ser consultado según las políticas vigentes.       Biblioteca del Museo Franz Mayer (Rogerio Casas-Alatriste) Biblioteca del Museo Franz Mayer (Rogerio Casas-Alatriste) 25/06/2008   NA7246.P8 .J83 1991 00075 22/03/2019 22/03/2019 Libros